000 00437nam a22001817a 4500
005 20180711123725.0
008 160614b xxu||||| |||| 00| 0 eng d
020 _a978-81-7194-594-3
041 _aeng
082 _b7420
_a658.1511
100 _aKishore, Ravi M
_91159
245 _aCost Accounting and financial Management
250 _a6th ed.
260 _bTaxmann
300 _a1053p,
650 _aManagement
_9241
942 _cBK
999 _c2643
_d2642